000
00193 a2200097 4500
020
_a
9788424187057
041
_a
spa
100
_a
Janine Amos
245
_a
Como influye el Sobrepeso
942
_c
BK
999
_c
8853
_d
8853